Central Library OPAC University of Rajshahi

Banking / (Record no. 43164)

MARC details
000 -LEADER
fixed length control field 00814nam a2200253 a 4500
001 - CONTROL NUMBER
control field 43164
003 - CONTROL NUMBER IDENTIFIER
rucl marc code BD-RjUL
005 - DATE AND TIME OF LATEST TRANSACTION
control field 20211209053645.0
008 - FIXED-LENGTH DATA ELEMENTS--GENERAL INFORMATION
fixed length control field 160625s1962 enk b 001 0 eng
035 ## - SYSTEM CONTROL NUMBER
System control number (BD-RjUL) 43282
040 ## - CATALOGING SOURCE
Original cataloging agency DLC
Transcribing agency MH
Modifying agency Uk
-- DLC
-- BD-RjUL
Language of cataloging eng
041 ## - LANGUAGE CODE
Language code of text/sound track or separate title eng
082 ## - DEWEY DECIMAL CLASSIFICATION NUMBER
Classification number 332.10942
Edition number 23
Author mark and year THB 1962
100 1# - MAIN ENTRY--PERSONAL NAME
Personal name Thorne, W. J.
Fuller form of name (William J.)
9 (RLIN) 133814
245 00 - TITLE STATEMENT
Title Banking /
Statement of responsibility, etc. W. J. Thorne
250 ## - EDITION STATEMENT
Edition statement 2nd ed.
260 ## - PUBLICATION, DISTRIBUTION, ETC. (IMPRINT)
Place of publication, distribution, etc. London ;
-- New York :
Name of publisher, distributor, etc. Oxford University Press,
Date of publication, distribution, etc. 1962.
300 ## - PHYSICAL DESCRIPTION
Pagination 163 p. ;
Size 18 cm.
490 ## - SERIES STATEMENT
Series statement The Home university library of modern knowledge,
Volume/sequential designation 206
504 ## - BIBLIOGRAPHY, ETC. NOTE
Bibliography, etc Includes bibliography and index.
650 #0 - SUBJECT ADDED ENTRY--TOPICAL TERM
Topical term or geographic name as entry element Banks and banking
Geographic subdivision Great Britain.
9 (RLIN) 133677
830 ## - SERIES ADDED ENTRY--UNIFORM TITLE
Uniform title The Home university library of modern knowledge,
Volume number/sequential designation 206
942 ## - ADDED ENTRY ELEMENTS (KOHA)
Source of classification or shelving scheme Dewey Decimal Classification
Koha item type Books
Holdings
Lost status Source of classification or shelving scheme Damaged status Not for loan Collection code Permanent Location Current Location Shelving location Date acquired Source of acquisition Cost, normal purchase price Total Checkouts Full call number Date last seen Copy number Koha item type
  Dewey Decimal Classification     Non-fiction Central Library, University of Rajshahi Central Library, University of Rajshahi   04/11/1965 zeitlinger 10.60   332.10942 THB 1962 25/06/2016 C-2 Books